[Event "Buenos Aires Faogba op 3rd"]
[Site "Buenos Aires"]
[Date "2025.04.04"]
[Round "4"]
[White "Perez Pietronave, Carlos"]
[Black "Flores, Diego"]
[Result "0-1"]
[WhiteElo "2144"]
[BlackElo "2545"]
[PlyCount "62"]
[EventDate "2025.04.02"]
[EventType "swiss"]
[EventRounds "9"]
[EventCountry "ARG"]
[SourceTitle "CB16_2025"]
[SourceDate "2025.04.16"]
[SourceVersion "1"]
[SourceVersionDate "2025.04.16"]
[SourceQuality "1"]

1. e4 c5 2. Nf3 d6 3. c3 Nf6 4. Be2 g6 5. 0-0 Bg7 6. Re1 0-0 7. Bf1 Nc6 8. Na3 e5 9. Nc2 d5 10. exd5 Nxd5 11. d3 Re8 12. Ne3 Nxe3 13. Bxe3 b6 14. a4 Bf5 15. Ng5 Qd7 16. Qf3 Bg4 17. Qg3 h6 18. f3 Bf5 19. Ne4 Qd8 20. h4 Be6 21. h5 g5 22. Nxg5 hxg5 23. Bxg5 f6 24. Bd2 Kh8 25. h6 Bf8 26. d4 cxd4 27. Bd3 dxc3 28. Qg6 Bc5+ 29. Kh1 Qe7 30. bxc3 Rg8 31. Qe4 f5 0-1

[Event "Buenos Aires Tigre op"]
[Site "Buenos Aires"]
[Date "2024.09.11"]
[Round "6"]
[White "Perez Pietronave, Carlos"]
[Black "Maldonado, Roberto"]
[Result "1-0"]
[WhiteElo "2116"]
[BlackElo "2003"]
[PlyCount "71"]
[EventDate "2024.09.04"]
[EventType "swiss"]
[EventRounds "9"]
[EventCountry "ARG"]
[SourceTitle "EXT 2025"]
[Source "ChessBase"]
[SourceDate "2024.10.14"]
[SourceVersion "1"]
[SourceVersionDate "2024.10.14"]
[SourceQuality "1"]

1. e4 e6 2. d4 d5 3. Nc3 dxe4 4. Nxe4 Qd5 5. Bd3 Nf6 6. Nxf6+ gxf6 7. Nf3 Rg8 8. Bf4 Bd6 9. Bxd6 cxd6 10. 0-0 Bd7 11. Re1 Qh5 12. Nd2 Qh3 13. g3 Nc6 14. Ne4 0-0-0 15. Bf1 Qg4 16. Nxf6 Qxd4 17. Nxg8 Rxg8 18. c3 Qxd1 19. Raxd1 Ne5 20. Bg2 Kc7 21. f4 Nc4 22. Rd4 Nb6 23. Red1 Nc8 24. c4 Bc6 25. Bh3 Rd8 26. f5 e5 27. Rh4 Rh8 28. Rh6 Bf3 29. Rd2 e4 30. Kf2 Re8 31. Ke3 Rh8 32. b3 a6 33. f6 Nb6 34. Bf5 Nd7 35. Bxd7 Kxd7 36. c5 1-0

[Event "Buenos Aires Tigre op"]
[Site "Buenos Aires"]
[Date "2024.09.10"]
[Round "5"]
[White "Ferrara, Enzo"]
[Black "Perez Pietronave, Carlos"]
[Result "0-1"]
[WhiteElo "2138"]
[BlackElo "2116"]
[PlyCount "84"]
[EventDate "2024.09.04"]
[EventType "swiss"]
[EventRounds "9"]
[EventCountry "ARG"]
[SourceTitle "EXT 2025"]
[Source "ChessBase"]
[SourceDate "2024.10.14"]
[SourceVersion "1"]
[SourceVersionDate "2024.10.14"]
[SourceQuality "1"]

1. d4 Nc6 2. Nf3 Nf6 3. g3 h5 4. Bg2 d6 5. Bf4 Bf5 6. d5 Nb4 7. Nd4 Be4 8. Bxe4 Nxe4 9. c4 c5 10. Qa4+ Qd7 11. Nb5 g5 12. a3 Na6 13. Be3 g4 14. f3 Nf6 15. Nd2 Bg7 16. Qb3 gxf3 17. exf3 Qf5 18. 0-0-0 0-0 19. h3 Qd7 20. g4 h4 21. Bg5 Nc7 22. Bxh4 Nfxd5 23. Nxc7 Nxc7 24. Ne4 Ne6 25. Rd5 b5 26. Rhd1 bxc4 27. Qxc4 Rab8 28. Nc3 Qb7 29. R1d2 Nd4 30. Rf2 Nb3+ 31. Kd1 Na5 32. Qe4 Qb3+ 33. Rc2 Nc4 34. Rg5 Nxb2+ 35. Ke2 f6 36. Rxg7+ Kxg7 37. Nd5 e6 38. Ne3 Qb5+ 39. Ke1 Qd3 40. Qf4 Rb3 41. Re2 Qb1+ 42. Kf2 Nd3+ 0-1

[Event "Buenos Aires FAOGBA op 2nd"]
[Site "Buenos Aires"]
[Date "2024.03.18"]
[Round "8"]
[White "Borda Rodas, Anapaola S"]
[Black "Perez Pietronave, Carlos"]
[Result "0-1"]
[WhiteElo "2214"]
[BlackElo "2099"]
[PlyCount "81"]
[EventDate "2024.03.12"]
[EventType "swiss"]
[EventRounds "9"]
[EventCountry "ARG"]
[SourceTitle "CBM 219 Extra"]
[Source "ChessBase"]
[SourceDate "2024.05.31"]
[SourceVersion "1"]
[SourceVersionDate "2024.05.31"]
[SourceQuality "1"]

1. e4 c5 2. Nf3 d6 3. d4 cxd4 4. Nxd4 Nc6 5. Nc3 Nf6 6. Bg5 e6 7. Qd2 Be7 8. 0-0-0 0-0 9. h4 d5 10. exd5 exd5 11. f3 Ne5 12. Qe3 Nc6 13. Kb1 Re8 14. Bb5 Bd7 15. Qd2 a6 16. Ba4 Rc8 17. Rhe1 Nxd4 18. Bxd7 Qxd7 19. Qxd4 h6 20. Bxf6 Bxf6 21. Qxd5 Qxd5 22. Nxd5 Bxh4 23. Rxe8+ Rxe8 24. c4 Re2 25. g4 Bg3 26. Rd3 Rf2 27. c5 Be5 28. Rb3 Bd4 29. Rxb7 Bxc5 30. b4 Bd4 31. Ne7+ Kh7 32. Nf5 Bf6 33. Rxf7 Rxf3 34. Ra7 Rf4 35. a3 Rxg4 36. Rxa6 Rf4 37. Ne3 Rf3 38. Ng4 Bd4 39. Rd6 Rf4 40. Nh2 h5 41. b5 0-1

[Event "Buenos Aires La Porta Cup"]
[Site "Buenos Aires"]
[Date "2019.03.29"]
[Round "9"]
[White "Maldonado, Gonzalo"]
[Black "Perez Pietronave, Carlos"]
[Result "1/2-1/2"]
[WhiteElo "1912"]
[BlackElo "2144"]
[PlyCount "73"]
[EventDate "2019.03.20"]
[EventType "swiss"]
[EventRounds "9"]
[EventCountry "ARG"]
[SourceTitle "CBM 189 Extra"]
[Source "ChessBase"]
[SourceDate "2019.05.31"]
[SourceVersion "1"]
[SourceVersionDate "2019.05.31"]
[SourceQuality "1"]

1. e4 e5 2. Nf3 Nc6 3. Bc4 Bc5 4. c3 Qe7 5. a4 a5 6. 0-0 d6 7. Re1 Nf6 8. Na3 Bg4 9. h3 Bh5 10. d3 0-0 11. Nc2 Rad8 12. Ne3 Bxe3 13. Bxe3 d5 14. exd5 Nxd5 15. Bd2 Qd6 16. g4 Bg6 17. Qe2 Nb6 18. Nxe5 Nxe5 19. Bg5 Rde8 20. f4 Bxd3 21. Bxd3 Nxd3 22. Qxe8 Nxe1 23. Qxe1 Nd5 24. f5 h6 25. Bh4 Nf4 26. Qe3 Nd5 27. Qd4 c5 28. Qd3 Qc6 29. Qf3 Re8 30. Rd1 Ne7 31. Qxc6 Nxc6 32. Kf2 Re4 33. b3 c4 34. Kf3 Re8 35. bxc4 Ne5+ 36. Kf4 g5+ 37. fxg6 1/2-1/2

[Event "ARG-ch sf 93rd"]
[Site "Buenos Aires"]
[Date "2018.05.21"]
[Round "3"]
[White "Villanueva, Mario Nicolas"]
[Black "Perez Pietronave, Carlos"]
[Result "1-0"]
[WhiteElo "2476"]
[BlackElo "2200"]
[PlyCount "89"]
[EventDate "2018.05.19"]
[EventType "swiss"]
[EventRounds "9"]
[EventCountry "ARG"]
[SourceTitle "CBM 184 Extra"]
[Source "ChessBase"]
[SourceDate "2018.06.28"]
[SourceVersion "1"]
[SourceVersionDate "2018.06.28"]
[SourceQuality "1"]

1. e4 e5 2. Nf3 Nc6 3. Bc4 Bc5 4. d3 Nf6 5. Nc3 d6 6. Na4 Bb6 7. c3 Be6 8. Bxe6 fxe6 9. 0-0 0-0 10. Nxb6 axb6 11. Re1 d5 12. Qe2 d4 13. Bd2 b5 14. a3 Nd7 15. Rac1 Nc5 16. c4 Nb3 17. cxb5 Nxc1 18. Rxc1 Na5 19. Qd1 b6 20. Nxe5 Nb7 21. Bb4 Nd6 22. Nf3 Kh8 23. e5 Rxf3 24. Qxf3 Nxb5 25. Rc6 Qg5 26. h4 Qd8 27. Rxe6 c5 28. Rxb6 cxb4 29. Rxb5 bxa3 30. bxa3 Rxa3 31. Qe4 h6 32. e6 Qd6 33. Qe5 Qxe5 34. Rxe5 Ra8 35. f4 Kg8 36. e7 Kf7 37. e8Q+ Rxe8 38. Rxe8 Kxe8 39. Kf2 Kf7 40. h5 Kf6 41. Kf3 g5 42. hxg6 Kxg6 43. g4 h5 44. gxh5+ Kxh5 45. Ke4 1-0

[Event "ARG-ch sf 93rd"]
[Site "Buenos Aires"]
[Date "2018.05.19"]
[Round "1"]
[White "Montes, Francisco"]
[Black "Perez Pietronave, Carlos"]
[Result "1/2-1/2"]
[WhiteElo "1825"]
[BlackElo "2200"]
[PlyCount "159"]
[EventDate "2018.05.19"]
[EventType "swiss"]
[EventRounds "9"]
[EventCountry "ARG"]
[SourceTitle "CBM 184 Extra"]
[Source "ChessBase"]
[SourceDate "2018.06.28"]
[SourceVersion "1"]
[SourceVersionDate "2018.06.28"]
[SourceQuality "1"]

1. e4 e5 2. Nf3 f5 3. Nxe5 Qf6 4. d4 d6 5. Nc4 fxe4 6. Ne3 Nc6 7. Bb5 Bd7 8. d5 Ne5 9. Bxd7+ Nxd7 10. Nc3 Qe7 11. 0-0 Ngf6 12. Re1 g6 13. Ng4 Nxg4 14. Qxg4 Nf6 15. Qh3 Bg7 16. Bg5 0-0 17. Nxe4 Qf7 18. Nxf6+ Bxf6 19. Bxf6 Qxf6 20. Qe6+ Kg7 21. Qxf6+ Rxf6 22. Re7+ Rf7 23. Rae1 c6 24. dxc6 bxc6 25. R1e6 Rd8 26. Rxf7+ Kxf7 27. Re3 c5 28. c4 Rb8 29. b3 a5 30. g3 a4 31. Kg2 axb3 32. axb3 Ra8 33. h4 Ra2 34. Rd3 Ke6 35. Kf3 Rb2 36. Ke3 Ke5 37. Rd5+ Ke6 38. Rd3 Ke5 39. Rd5+ Ke6 40. Rd3 Ke5 41. h5 gxh5 42. Rd5+ Ke6 43. Rxh5 Rxb3+ 44. Ke4 Rc3 45. Rh6+ Kd7 46. Rxh7+ Kc6 47. g4 Rxc4+ 48. Kf5 Rc2 49. f4 c4 50. g5 Rg2 51. g6 d5 52. g7 Kc5 53. Kf6 c3 54. Rh8 d4 55. Rh5+ Kb4 56. Rg5 Rxg5 57. fxg5 c2 58. g8Q c1Q 59. Qb8+ Kc3 60. Qc7+ Kd2 61. Qf4+ Kc2 62. Qxd4 Qf1+ 63. Kg7 Qb5 64. Qe4+ Kc3 65. Qe7 Qb8 66. g6 Kc4 67. Qe4+ Kc5 68. Kf7 Qb3+ 69. Qe6 Qf3+ 70. Kg7 Qb7+ 71. Qf7 Qh1 72. Kg8 Kc6 73. g7 Kd6 74. Qf8+ Ke6 75. Qc8+ Ke7 76. Qc7+ Ke6 77. Qc4+ Ke7 78. Qb4+ Ke6 79. Qb3+ Ke7 80. Qa3+ 1/2-1/2

[Event "Villa Martelli zt 2.5"]
[Site "Villa Martelli"]
[Date "2017.05.08"]
[Round "9"]
[White "Perez Pietronave, Carlos"]
[Black "Abarca Gonzalez, Nicolas"]
[Result "1-0"]
[WhiteElo "2250"]
[BlackElo "2411"]
[PlyCount "50"]
[EventDate "2017.04.30"]
[EventType "swiss"]
[EventRounds "9"]
[EventCountry "ARG"]
[SourceTitle "CBM 178 Extra"]
[Source "ChessBase"]
[SourceDate "2017.06.22"]
[SourceVersion "1"]
[SourceVersionDate "2017.06.22"]
[SourceQuality "1"]

1. e4 c5 2. c3 Nf6 3. e5 Nd5 4. d4 cxd4 5. Nf3 Nc6 6. cxd4 g6 7. Bc4 Nb6 8. Bb3 Bg7 9. Bf4 0-0 10. Qd2 d6 11. Bh6 dxe5 12. d5 Nd4 13. Nxd4 Bxh6 14. Qxh6 exd4 15. Nd2 Qd6 16. 0-0 Nxd5 17. Ne4 Qf4 18. Ng5 Nf6 19. Rae1 e6 20. Re4 Qd6 21. Rd1 Rd8 22. Qh4 Rd7 23. Rexd4 Qc6 24. Nxe6 Rxd4 25. Nxd4 Qb6 1-0

[Event "Villa Martelli zt 2.5"]
[Site "Villa Martelli"]
[Date "2017.05.07"]
[Round "8"]
[White "Bulcourf, Carlos"]
[Black "Perez Pietronave, Carlos"]
[Result "0-1"]
[WhiteElo "2037"]
[BlackElo "2250"]
[PlyCount "30"]
[EventDate "2017.04.30"]
[EventType "swiss"]
[EventRounds "9"]
[EventCountry "ARG"]
[SourceTitle "CBM 178 Extra"]
[Source "ChessBase"]
[SourceDate "2017.06.22"]
[SourceVersion "1"]
[SourceVersionDate "2017.06.22"]
[SourceQuality "1"]

1. Nf3 f5 2. b4 d6 3. d4 Nf6 4. c4 g6 5. Bg5 Bg7 6. Bxf6 Bxf6 7. Nc3 0-0 8. h4 e5 9. dxe5 dxe5 10. Qxd8 Rxd8 11. e4 Nc6 12. Nd5 Kg7 13. b5 fxe4 14. Nd2 Nd4 15. 0-0-0 Bf5 0-1

[Event "Villa Martelli zt 2.5"]
[Site "Villa Martelli"]
[Date "2017.05.04"]
[Round "6"]
[White "Cuberli, Emiliano"]
[Black "Perez Pietronave, Carlos"]
[Result "1-0"]
[WhiteElo "2159"]
[BlackElo "2250"]
[PlyCount "63"]
[EventDate "2017.04.30"]
[EventType "swiss"]
[EventRounds "9"]
[EventCountry "ARG"]
[SourceTitle "CBM 178 Extra"]
[Source "ChessBase"]
[SourceDate "2017.06.22"]
[SourceVersion "1"]
[SourceVersionDate "2017.06.22"]
[SourceQuality "1"]

1. Nf3 f5 2. g3 Nf6 3. Bg2 g6 4. 0-0 Bg7 5. d4 d6 6. c4 0-0 7. Nc3 Qe8 8. d5 Na6 9. Be3 e5 10. dxe6 Bxe6 11. Ng5 Bc8 12. Rc1 h6 13. Nf3 Nc5 14. b4 Ne6 15. Nd5 Ng4 16. Bd4 Nxd4 17. Nxd4 Qd8 18. h3 Nf6 19. Nf4 Qe8 20. c5 dxc5 21. Qb3+ Kh7 22. Nde6 Rf7 23. Rxc5 c6 24. Re5 Re7 25. Nc7 Rxe5 26. Nxe8 Rxe8 27. Qf7 Rf8 28. Qxg6+ Kh8 29. Rd1 Rg8 30. Qf7 Kh7 31. e4 Rf8 32. Qg6+ 1-0

[Event "Buenos Aires La Porta Cup-A"]
[Site "Buenos Aires"]
[Date "2017.03.26"]
[Round "3"]
[White "Perez Pietronave, Carlos"]
[Black "Flores, Diego"]
[Result "1/2-1/2"]
[WhiteElo "2214"]
[BlackElo "2568"]
[PlyCount "65"]
[EventDate "2017.03.25"]
[EventType "swiss"]
[EventRounds "9"]
[EventCountry "ARG"]
[SourceTitle "CBM 177 Extra"]
[Source "ChessBase"]
[SourceDate "2017.04.27"]
[SourceVersion "1"]
[SourceVersionDate "2017.04.27"]
[SourceQuality "1"]

1. e4 c5 2. Nf3 e6 3. d4 cxd4 4. Nxd4 a6 5. Nc3 b5 6. Bd3 Bb7 7. 0-0 Nc6 8. Nxc6 Bxc6 9. Re1 Qb8 10. Qg4 Nf6 11. Qh4 b4 12. e5 bxc3 13. exf6 gxf6 14. bxc3 Rg8 15. g3 h6 16. Bf4 Qd8 17. Rab1 Bc5 18. Bxh6 Ke7 19. Be3 Bxe3 20. Rxe3 a5 21. Be4 Qc7 22. Rf3 Rg6 23. Re3 Rg5 24. Bxc6 Qxc6 25. Qf4 Rc5 26. Rd1 Rc4 27. Rd4 Rc8 28. Rf3 f5 29. Qg5+ Ke8 30. Qg8+ Ke7 31. Qg5+ Ke8 32. Qg8+ Ke7 33. Qg5+ 1/2-1/2

[Event "Pan American-ch U2300"]
[Site "Carilo Village"]
[Date "2016.10.27"]
[Round "5"]
[White "Perez Pietronave, Carlos"]
[Black "Zarlenga, Marcelo"]
[Result "1-0"]
[WhiteElo "2209"]
[BlackElo "1966"]
[PlyCount "83"]
[EventDate "2016.10.25"]
[EventType "swiss"]
[EventRounds "9"]
[EventCountry "ARG"]
[SourceTitle "EXT 2022"]
[Source "ChessBase"]
[SourceDate "2021.10.06"]
[SourceVersion "1"]
[SourceVersionDate "2021.10.06"]
[SourceQuality "1"]

1. e4 c5 2. Nf3 Qc7 3. c4 e6 4. Nc3 a6 5. d4 cxd4 6. Nxd4 Bb4 7. Bd2 Nf6 8. Bd3 Nc6 9. Nc2 Bd6 10. Ne3 h5 11. h3 b6 12. Rc1 Ne5 13. Bb1 Ng6 14. 0-0 Bb7 15. Ncd5 exd5 16. cxd5 Qb8 17. Nf5 Kf8 18. Qb3 Bc5 19. Bb4 d6 20. Bxc5 bxc5 21. Qg3 Ne8 22. f4 Qd8 23. Ne3 Rc8 24. e5 Ne7 25. Be4 Rc7 26. Qf3 Bc8 27. Nc4 Nf5 28. Bxf5 Bxf5 29. Qa3 Bc8 30. exd6 Nxd6 31. Ne5 Nb5 32. Qa5 Qd6 33. Rfd1 g5 34. a4 Na7 35. b4 gxf4 36. Nc4 Nc6 37. Qb6 Qg6 38. Qxc7 Bxh3 39. Qd6+ Qxd6 40. Nxd6 Rg8 41. dxc6 Bxg2 42. c7 1-0

[Event "Villa Martelli op-B 21st"]
[Site "Villa Martelli"]
[Date "2014.11.12"]
[Round "6"]
[White "Sotelo, Noe"]
[Black "Perez Pietronave, Carlos"]
[Result "1-0"]
[WhiteElo "2062"]
[BlackElo "2236"]
[PlyCount "125"]
[EventDate "2014.11.07"]
[EventType "swiss"]
[EventRounds "9"]
[EventCountry "ARG"]
[SourceTitle "CBM 163 Extra"]
[Source "ChessBase"]
[SourceDate "2014.12.23"]
[SourceVersion "1"]
[SourceVersionDate "2014.12.23"]
[SourceQuality "1"]

1. e4 e5 2. Nf3 Nc6 3. d4 exd4 4. Nxd4 Bc5 5. Nb3 Bb4+ 6. c3 Be7 7. c4 Nf6 8. Nc3 Bb4 9. f3 0-0 10. Be3 Re8 11. Qd2 a5 12. a3 Bxc3 13. Qxc3 d6 14. 0-0-0 Qe7 15. Nd4 Ne5 16. Nb5 b6 17. Kb1 Be6 18. Be2 Rec8 19. Bg5 h6 20. Bh4 Ng6 21. Bg3 Nh5 22. Bf2 Rd8 23. g3 c6 24. Nd4 Bd7 25. Rhe1 Nf6 26. Nf5 Bxf5 27. exf5 Ne5 28. Bxb6 Rdb8 29. Bd4 c5 30. Bxe5 dxe5 31. Bd3 Nd7 32. Be4 Ra6 33. f4 Rab6 34. Bd5 Rxb2+ 35. Qxb2 Rxb2+ 36. Kxb2 Qf6 37. fxe5 Nxe5 38. Kb3 Qxf5 39. Rf1 Qg6 40. Kc3 Kh7 41. Rf4 Qb6 42. Rb1 Qd6 43. h4 f6 44. h5 Nd7 45. Re1 Ne5 46. Rff1 a4 47. Rd1 Qb6 48. Rb1 Qa5+ 49. Kc2 Qc7 50. Rb7 Qd6 51. Rd1 Qf8 52. Rf1 Qd6 53. Be4+ Kg8 54. Rd1 Qf8 55. Rdb1 Qd6 56. Rb8+ Kf7 57. R1b7+ Nd7 58. Rxd7+ Qxd7 59. Rb7 Qxb7 60. Bxb7 Ke6 61. Bc6 Kf5 62. Bxa4 Kg4 63. Bd7+ 1-0

[Event "ARG-ch 87th"]
[Site "Villa Martelli"]
[Date "2013.04.11"]
[Round "9"]
[White "Perez Pietronave, Carlos"]
[Black "Diaz Hollemaert, Nahuel Carlos"]
[Result "0-1"]
[WhiteElo "2203"]
[BlackElo "2418"]
[PlyCount "78"]
[EventDate "2013.04.03"]
[EventType "swiss"]
[EventRounds "11"]
[EventCountry "ARG"]
[SourceTitle "CBM 153 Extra"]
[Source "ChessBase"]
[SourceDate "2013.04.22"]
[SourceVersion "1"]
[SourceVersionDate "2013.04.22"]
[SourceQuality "1"]

1. e4 c5 2. Nf3 e6 3. d4 cxd4 4. Nxd4 a6 5. Bd3 Bc5 6. Be3 Qb6 7. c3 Nc6 8. Nd2 Nxd4 9. Nc4 Qc7 10. cxd4 Bb4+ 11. Bd2 Bxd2+ 12. Qxd2 b5 13. Qa5 Kd8 14. Qb4 Ne7 15. Nd6 Rf8 16. e5 Nc6 17. Qd2 Qa5 18. Qxa5+ Nxa5 19. Be4 Rb8 20. Rc1 Bb7 21. Bxh7 g6 22. h4 Bxg2 23. Rg1 Bd5 24. h5 Nc4 25. hxg6 fxg6 26. Nxc4 bxc4 27. Rc2 Be4 28. Re2 Bd3 29. Rd2 Rh8 30. Rh1 d5 31. f3 Rb7 32. Rdh2 c3 33. b3 Rf7 34. Rh3 Rf4 35. Kf2 Bf5 36. Rh6 c2 37. Ke3 g5 38. Kd2 Rxd4+ 39. Kc3 Rd1 0-1

[Event "ARG-ch 87th"]
[Site "Villa Martelli"]
[Date "2013.04.10"]
[Round "8"]
[White "Mansilla, Martin"]
[Black "Perez Pietronave, Carlos"]
[Result "0-1"]
[WhiteElo "2071"]
[BlackElo "2203"]
[PlyCount "76"]
[EventDate "2013.04.03"]
[EventType "swiss"]
[EventRounds "11"]
[EventCountry "ARG"]
[SourceTitle "CBM 153 Extra"]
[Source "ChessBase"]
[SourceDate "2013.04.22"]
[SourceVersion "1"]
[SourceVersionDate "2013.04.22"]
[SourceQuality "1"]

1. c4 f5 2. Nc3 Nf6 3. d4 g6 4. h4 Nc6 5. h5 Bg7 6. hxg6 hxg6 7. Rxh8+ Bxh8 8. Nf3 d6 9. Bf4 Ne4 10. e3 e5 11. dxe5 Nxc3 12. bxc3 Nxe5 13. Nxe5 dxe5 14. Qxd8+ Kxd8 15. Bg5+ Ke8 16. Rb1 b6 17. c5 e4 18. Kd2 Be6 19. Bb5+ Kf7 20. Bc6 Rb8 21. f3 exf3 22. gxf3 Bf6 23. Bf4 Rd8+ 24. Kc2 Bd5 25. Bxd5+ Rxd5 26. cxb6 cxb6 27. c4 Rc5 28. Kb3 g5 29. Bb8 a6 30. a4 Rc6 31. Rd1 Re6 32. Rd3 Be7 33. a5 Bc5 34. Ba7 Bxe3 35. Rxe3 Rxe3+ 36. Kc2 Re7 37. axb6 Ke6 38. Bb8 Kd7 0-1

[Event "ARG-ch 87th"]
[Site "Villa Martelli"]
[Date "2013.04.08"]
[Round "6"]
[White "Perez Pietronave, Carlos"]
[Black "Franco, Gaston Nicolas"]
[Result "1-0"]
[WhiteElo "2203"]
[BlackElo "2042"]
[PlyCount "87"]
[EventDate "2013.04.03"]
[EventType "swiss"]
[EventRounds "11"]
[EventCountry "ARG"]
[SourceTitle "CBM 153 Extra"]
[Source "ChessBase"]
[SourceDate "2013.04.22"]
[SourceVersion "1"]
[SourceVersionDate "2013.04.22"]
[SourceQuality "1"]

1. f4 d5 2. g3 g6 3. Bg2 Bg7 4. Nf3 Nf6 5. 0-0 0-0 6. d3 c5 7. Nc3 Nc6 8. e4 e6 9. Ne5 Nxe5 10. fxe5 Nd7 11. exd5 exd5 12. Nxd5 Nxe5 13. Be3 Be6 14. Nf4 Ng4 15. Bxc5 Bd4+ 16. Kh1 Bxc5 17. Nxe6 Ne3 18. Nxd8 Nxd1 19. Raxd1 Rfxd8 20. b4 Bxb4 21. Bxb7 Rab8 22. Ba6 Bc3 23. Bc4 Rb7 24. Rb1 Rdd7 25. Rxf7 Rxb1+ 26. Rf1+ Kg7 27. Rxb1 Re7 28. Rb8 Bd4 29. Rb1 Bb6 30. a4 h5 31. Bd5 Re2 32. Bb3 Ba5 33. Rf1 Re1 34. Rxe1 Bxe1 35. Kg2 Kf6 36. Kf3 h4 37. gxh4 Kf5 38. d4 Bxh4 39. c4 Be7 40. Bc2+ Kf6 41. Ke4 Ke6 42. c5 Bf6 43. d5+ Kd7 44. Bd3 1-0

[Event "ARG-ch 87th"]
[Site "Villa Martelli"]
[Date "2013.04.06"]
[Round "4"]
[White "Perez Pietronave, Carlos"]
[Black "Lorenzini, Martin"]
[Result "1-0"]
[WhiteElo "2203"]
[BlackElo "2488"]
[PlyCount "95"]
[EventDate "2013.04.03"]
[EventType "swiss"]
[EventRounds "11"]
[EventCountry "ARG"]
[SourceTitle "CBM 153 Extra"]
[Source "ChessBase"]
[SourceDate "2013.04.22"]
[SourceVersion "1"]
[SourceVersionDate "2013.04.22"]
[SourceQuality "1"]

1. e4 d6 2. d4 Nf6 3. Nc3 Nbd7 4. Nf3 e5 5. Be2 Be7 6. g4 h6 7. Rg1 c6 8. Be3 Qc7 9. Qd2 b5 10. a3 Bb7 11. h4 h5 12. gxh5 Nxh5 13. d5 Ndf6 14. 0-0-0 a6 15. Nxe5 dxe5 16. d6 Bxd6 17. Qxd6 Qxd6 18. Rxd6 Rd8 19. Rxd8+ Kxd8 20. Rg5 g6 21. Rxe5 Nd7 22. Rg5 Nhf6 23. Rg1 c5 24. Bg5 Kc8 25. e5 Nh7 26. Bf4 Nhf8 27. Bg3 Ne6 28. Bg4 b4 29. axb4 cxb4 30. Ne2 Ndc5 31. Nd4 Kc7 32. Nxe6+ Nxe6 33. Rd1 Bc8 34. Rd6 a5 35. b3 Rd8 36. Rxd8 Kxd8 37. Kd2 Ba6 38. Be2 Bxe2 39. Kxe2 Kd7 40. Kd3 Kc6 41. Kc4 Nc5 42. Bf4 Nd7 43. Kd4 Nc5 44. Bg5 Ne6+ 45. Ke4 Kd7 46. Bd2 Kc6 47. c3 bxc3 48. Bxc3 1-0

[Event "Buenos Aires Duchamp Memorial op 5th"]
[Site "Buenos Aires"]
[Date "2013.03.24"]
[Round "3"]
[White "Perez Pietronave, Carlos"]
[Black "Garcia Palermo, Carlos H"]
[Result "0-1"]
[WhiteElo "2203"]
[BlackElo "2460"]
[PlyCount "86"]
[EventDate "2013.03.23"]
[EventType "swiss"]
[EventRounds "8"]
[EventCountry "ARG"]
[SourceTitle "CBM 153 Extra"]
[Source "ChessBase"]
[SourceDate "2013.04.22"]
[SourceVersion "1"]
[SourceVersionDate "2013.04.22"]
[SourceQuality "1"]

1. f4 b6 2. Nc3 Bb7 3. e4 e6 4. Nf3 Bb4 5. d3 d5 6. Bd2 dxe4 7. dxe4 Nf6 8. Bb5+ Nbd7 9. e5 Bxc3 10. Bxc3 Nd5 11. Bd2 a6 12. Be2 Nc5 13. c4 Ne7 14. Be3 Nf5 15. Bxc5 bxc5 16. Qa4+ Qd7 17. Qxd7+ Kxd7 18. Kf2 Bxf3 19. Bxf3 Rab8 20. Rhd1+ Ke7 21. Rab1 Rb4 22. b3 Nd4 23. Be4 h5 24. h4 a5 25. Rd2 Rhb8 26. Rdd1 R8b6 27. Ke3 a4 28. bxa4 Rxa4 29. Rxb6 cxb6 30. Rb1 Ra3+ 31. Kf2 Rxa2+ 32. Kf1 Ra6 33. Bb7 Ra4 34. Rxb6 Rxc4 35. Be4 Nf5 36. Rb7+ Kd8 37. Bf3 Rxf4 38. Kg1 Nxh4 39. Bxh5 g6 40. g3 Re4 41. Rxf7 gxh5 42. gxh4 Rxh4 43. Rh7 Rg4+ 0-1

[Event "Berazategui Cup 3rd"]
[Site "Berazategui"]
[Date "2008.05.03"]
[Round "3"]
[White "Perez Pietronave, Carlos"]
[Black "Scarella, Enrique Alejandro"]
[Result "0-1"]
[WhiteElo "2219"]
[BlackElo "2349"]
[PlyCount "107"]
[EventDate "2008.05.01"]
[EventType "swiss"]
[EventRounds "9"]
[EventCountry "ARG"]
[SourceTitle "CBM 124 Extra"]
[Source "ChessBase"]
[SourceDate "2008.07.03"]
[SourceVersion "1"]
[SourceVersionDate "2008.07.03"]
[SourceQuality "1"]

1. e4 e5 2. Nc3 Nf6 3. f4 d5 4. fxe5 Nxe4 5. d3 Nxc3 6. bxc3 d4 7. Nf3 dxc3 8. d4 Be6 9. Bd3 Be7 10. 0-0 Nc6 11. Be4 Bd5 12. Qe2 Qd7 13. Rb1 Rd8 14. Rxb7 Nxd4 15. Nxd4 Bc5 16. Kh1 Bxd4 17. e6 Qxe6 18. Qb5+ c6 19. Bxd5 cxb5 20. Bxe6 fxe6 21. Ba3 Bf6 22. g4 h6 23. Re1 e5 24. Bb4 a6 25. Bxc3 0-0 26. Ra7 e4 27. Ba5 Rc8 28. Re2 Rc6 29. Kg2 e3 30. Rc7 Rxc7 31. Bxc7 Bd4 32. h4 h5 33. gxh5 Kh7 34. Bd6 Rf5 35. Be7 Kh6 36. Bg5+ Kxh5 37. c3 Bc5 38. Kg3 Rf2 39. Rxf2 exf2 40. Kg2 Kg4 41. Kf1 Kf3 42. h5 Be3 43. Be7 Bd2 44. Bb4 Be1 45. a3 Kg4 46. Bf8 Bxc3 47. h6 gxh6 48. Kxf2 h5 49. Bd6 h4 50. Ke3 h3 51. Bh2 Bb2 52. a4 bxa4 53. Kd3 a3 54. Kc2 0-1